Countries with a Monarchy - Statistics

General Stats
  • This quiz has been taken 71 times
  • The average score is 21 of 29
Answer Stats
Answer % Correct
United Kingdom
98%
Norway
91%
Spain
89%
Sweden
86%
Denmark
84%
United Arab Emirates
82%
Andorra
81%
Belgium
81%
The Netherlands
79%
Thailand
77%
Liechtenstein
75%
Oman
75%
Saudi Arabia
75%
Qatar
74%
Vatican City
74%
Bahrain
70%
Brunei
70%
Monaco
70%
Kuwait
68%
Luxemburg
68%
Bhutan
67%
Japan
67%
Cambodia
61%
Jordan
61%
Malaysia
58%
Morocco
58%
Eswatini
49%
Tonga
42%
Lesotho
39%
No matching quizzes found
Score Distribution
Percent of People with Each Score
Percentile by Number Answered
Your Score History
You have not taken this quiz